LEADER 01000nam0 22002651i 450 001 RML0256890 005 20231121125715.0 010 $a8814055440 100 $a20121121d1995 ||||0itac50 ba 101 | $aita 102 $ait 181 1$6z01$ai $bxxxe 182 1$6z01$an 200 1 $a˜L'œeconomia delle riserve nell'azienda contemporanea$esignificato, funzioni, implicazioni operative e str 210 $aMilano $cGiuffre' $d1995 606 $aDiritto commerciale$2FIR$3RMLC067534$9I 700 1$aCERBIONI$b, Fabrizio$3RMLV148976$0116539 801 3$aIT$bIT-01$c20121121 850 $aIT-FR0098 899 $aBiblioteca Area Giuridico Economica$bFR0098 912 $aRML0256890 950 0$aBiblioteca Area Giuridico Economica$d 53DSG 10/0442$e 53VM 0000278325 VM barcode:GIU0006199. - Inventario:9306VM$fA $h20010423$i20121204 977 $a 53 996 $aEconomia delle riserve nell'azienda contemporanea$9415575 997 $aUNICAS LEADER 01608nam 2200481 450 001 9910795073403321 005 20230126222720.0 010 $a983-861-930-2 035 $a(CKB)4340000000262951 035 $a(MiAaPQ)EBC5338828 035 $a(Au-PeEL)EBL5338828 035 $a(CaPaEBR)ebr11540346 035 $a(OCoLC)1031344251 035 $a(EXLCZ)994340000000262951 100 $a20200130d2015 ua 0 101 0 $aeng 135 $aurcnu|||||||| 181 $ctxt$2rdacontent 182 $cc$2rdamedia 183 $acr$2rdacarrier 200 00$aStrengthening local knowledge towards globalization $eissues and practices /$feditor, Mohamad Rashidi Pakri 210 1$aPulau Pinang, Malaysia :$cPenerbit Universiti Sains Malaysia,$d[2015] 210 4$dİ2015 215 $a1 online resource (xvi, 120 pages) 311 $a983-861-927-2 320 $aIncludes bibliographical references and index. 606 $aEthnoscience$zMalaysia$vCongresses 606 $aTraditional ecological knowledge$zMalaysia$vCongresses 606 $aGlobalization$xSocial aspects$zMalaysia$vCongresses 607 $aMalaysia$xCivilization$vCongresses 615 0$aEthnoscience 615 0$aTraditional ecological knowledge 615 0$aGlobalization$xSocial aspects 676 $a001.089 702 $aMohamad Rashidi Pakri 712 02$aPenerbit Universiti Sains Malaysia, 801 0$bMiAaPQ 801 1$bMiAaPQ 801 2$bMiAaPQ 906 $aBOOK 912 $a9910795073403321 996 $aStrengthening local knowledge towards globalization$93787414 997 $aUNINA